000 00763nam a2200241Ia 4500
005 20260601193246.0
008 260601s9999||||xx |||||||||||||| ||und||
020 _a978-3-031-63616-5
_qebk
100 _aJuan Antonio Lossio-Ventura
245 0 _aInformation Management and Big Data
250 _a2024
260 _aHeidelberg, Germany
_bSpringer Nature
_c2024
440 _aCommunications in Computer and Information Science
650 _aComputer Science
700 _aClaude Tadonki
700 _aEduardo Ceh-Varela
700 _aGenoveva Vargas-Solar
700 _aHiram Calvo
700 _aHugo Alatrista-Salas
700 _aRicardo Marcacini
856 _uhttps://link.springer.com/openurl?genre=book&isbn=978-3-031-63616-5
942 _cEB
_2ddc
999 _c56558
_d56558